000 00295nam a2200133Ia 4500
005 20260328104312.0
008 260328s9999||||xx |||||||||||||| ||und||
100 _aSánchez, Álex
245 0 _aBambú /
_cÁlex Sánchez
260 _bFKG
300 _a382 p.
650 _aBAMBÚ
942 _cBK
999 _c11022
_d11022